Měření efektivnosti zvyšování kvality

Uložené v:
Podrobná bibliografia
Hlavný autor: Nenadál, Jaroslav
Médium: Kniha
Jazyk:Czech
Vydavateľské údaje: Praha Svoboda 1986
Tagy: Pridať tag
Žiadne tagy, Buďte prvý, kto otaguje tento záznam!

MARC

LEADER 00000nam a2200000 4500
001 c104242
005 20230105083743.5
041 0 |a cze 
044 |a CZ 
245 1 0 |a Měření efektivnosti zvyšování kvality  |c Jaroslav Nenadál 
264 1 |a Praha  |b Svoboda  |c 1986 
300 |a 153 s. 
100 1 |a Nenadál, Jaroslav